Birds of Universiti Sultan Zainal Abidin

Bibliographic Details
Main Author: McAfee, Cornelius Anuar Abdullah (Author)
Format: Book
Language:English
Published: Kuala Terengganu : Penerbit Universiti Sultan Zainal Abidin , c2011
Subjects:

MARC

LEADER 00000cam a2200000 7i4500
001 0000076894
005 20210422093000.0
008 111207s2011 my eng
020 |a 9789839842418 
050 0 0 |a QL673   |b .M33 2011 
090 0 0 |a QL673   |b .M33 2011 
100 1 |a McAfee, Cornelius Anuar Abdullah ,   |e author 
245 1 0 |a Birds of Universiti Sultan Zainal Abidin   |c Anuar McAfee 
260 |a Kuala Terengganu :   |b Penerbit Universiti Sultan Zainal Abidin ,   |c c2011 
300 |a 87 p. :   |b ill. (col.) ;   |c 23 cm. 
504 |a Includes bibliographical references 
650 0 |a Birds 
650 0 |a Birds   |x Identification   |z Terengganu 
999 |a 1000143577   |b Book   |c OPEN SHELF (30 DAYS)   |e Medical Campus 
999 |a 1000143578   |b Book   |c Reference   |e Gong Badak Campus 
999 |a 1000143579   |b Book   |c OPEN SHELF (30 DAYS)   |e Gong Badak Campus 
999 |a 1000143580   |b Book   |c Reference   |e Gong Badak Campus 
999 |a 1000143581   |b Book   |c OPEN SHELF (30 DAYS)   |e Tembila Campus 
999 |a 1000154641   |b Book   |c OPEN SHELF (30 DAYS)   |e Gong Badak Campus